FUNDAMENTALS OF QUALITY CONTROL AND IMPR (Record no. 40143)
[ view plain ]
| 000 -LEADER | |
|---|---|
| fixed length control field | 00265nam a2200109Ia 4500 |
| 008 - FIXED-LENGTH DATA ELEMENTS--GENERAL INFORMATION | |
| fixed length control field | 240625s9999 xx 000 0 und d |
| 041 ## - LANGUAGE CODE | |
| Language code of text/sound track or separate title | eng |
| 082 ## - DEWEY DECIMAL CLASSIFICATION NUMBER | |
| Classification number | 658.4012 MIT |
| 100 ## - MAIN ENTRY--PERSONAL NAME | |
| Personal name | MITRA AMITAVA |
| 245 ## - TITLE STATEMENT | |
| Title | FUNDAMENTALS OF QUALITY CONTROL AND IMPR |
| 260 ## - PUBLICATION, DISTRIBUTION, ETC. | |
| Date of publication, distribution, etc. | 2015 |
| Withdrawn status | Lost status | Damaged status | Not for loan | Home library | Current library | Shelving location | Date acquired | Source of acquisition | Full call number | Barcode | Date last seen | Price effective from | Koha item type |
|---|---|---|---|---|---|---|---|---|---|---|---|---|---|
| IMTN | IMTN | Rack 28-B | 11/22/2017 | 32917 | 658.4012 MIT | BB2083 | 06/25/2024 | 06/25/2024 | Book Bank |